|
|
|
|
| LEADER |
00736nab a2200217 i 4500 |
| 001 |
misc28104 |
| 005 |
20191108150137.0 |
| 008 |
171025s1956 hu o 0|| zxx d |
| 040 |
|
|
|a SZTE Miscellanea Repozitórium
|b hun
|
| 041 |
|
|
|a zxx
|
| 100 |
1 |
|
|a Poberai Mária
|
| 245 |
1 |
0 |
|a Comparative histological examinations of the architecture of the wall of lymph vessels
|h [elektronikus dokumentum] /
|c Poberai Mária
|
| 260 |
|
|
|c 1956
|
| 300 |
|
|
|a 1
|
| 490 |
0 |
|
|a Kolligátum
|
| 695 |
|
|
|a Nyirokrendszer - anatómia, Szövettan
|
| 700 |
0 |
1 |
|a Gellért Albert
|e aut
|
| 700 |
0 |
1 |
|a Nagy István
|e aut
|
| 700 |
0 |
1 |
|a Nagy Sándor
|e aut
|
| 700 |
0 |
1 |
|a Lippai József
|e aut
|
| 856 |
4 |
0 |
|u http://misc.bibl.u-szeged.hu/28104/1/018_021_312.pdf
|z Dokumentum-elérés
|